000
00349nam a2200145Ia 4500
008
151213s9999 xx 000 0 und d
100
_a
U G C
245
_a
Operation Manual for Academic Innovation Fund
_c
U G C
260
_a
Dhaka
_b
U G C
_c
2010
300
_a
7271 p.
650
_a
General
650
_a
Reference
700
_a
U G C
999
_c
3855
_d
3855